| 000 | 00953nac a22002897a 4500 | ||
|---|---|---|---|
| 001 | BR0601971 | ||
| 003 | BR-BrBNA | ||
| 005 | 20240105123315.0 | ||
| 008 | 230509b bl.|||m| |||| 00| 0 por d | ||
| 040 |
_aBR-BrBNA _bpor _cBiblioteca Nacional de Agricultura |
||
| 072 | _aF01; E16 | ||
| 090 | _a0430 BR0601971 | ||
| 100 | 1 | _aMelo Filho, G.A. de | |
| 100 | 1 | _aMendes, D.S. | |
| 110 | 1 | _aEMBRAPA Agropecuária Oeste, Dourados, MS (Brasil) | |
| 245 | 1 | _aEstimativa de custo de produção de algodão, no sistema plantio convenciona, safra 1999/2000 | |
| 260 | 3 |
_aDourados, MS (Brasil): _c1999. |
|
| 300 | _a2 p. | ||
| 490 |
_aComunicado Técnico - EMBRAPA Agropecuária Oeste (Brazil) _vno. 6 _xISSN 1516-8441 |
||
| 650 | _aALGODÃO | ||
| 650 | _aPRODUÇÃO VEGETAL | ||
| 650 | _aCUSTO DE PRODUÇÃO | ||
| 650 | _aPRODUTIVIDADE | ||
| 650 | _aCOMERCIALIZAÇÃO | ||
| 909 |
_a202312 _bLúcia Elande _c55 _dLúcia Elande |
||
| 942 |
_2AGRIS _n0 _cMS |
||
| 999 |
_c294879 _d294879 |
||